<?xml version="1.0" encoding="UTF-8"?>
<marc:record xmlns:marc="http://www.loc.gov/MARC21/slim">
   <marc:leader>00000nam a2200000 a 4500</marc:leader>
   <marc:datafield ind1="1" ind2=" " tag="100">
      <marc:subfield code="a">Alby, Claire</marc:subfield>
      <marc:subfield code="4">aut</marc:subfield>
      <marc:subfield code="e">Verfasser/-in</marc:subfield>
   </marc:datafield>
   <marc:datafield ind1=" " ind2=" " tag="653">
      <marc:subfield code="a">Lebensgeschichte</marc:subfield>
   </marc:datafield>
   <marc:datafield ind1=" " ind2=" " tag="653">
      <marc:subfield code="a">Lebensbeschreibung</marc:subfield>
   </marc:datafield>
   <marc:datafield ind1=" " ind2=" " tag="653">
      <marc:subfield code="a">Musik</marc:subfield>
   </marc:datafield>
   <marc:datafield ind1=" " ind2=" " tag="653">
      <marc:subfield code="a">Biografie</marc:subfield>
   </marc:datafield>
   <marc:datafield ind1=" " ind2=" " tag="653">
      <marc:subfield code="a">Künstler</marc:subfield>
   </marc:datafield>
   <marc:datafield ind1=" " ind2=" " tag="653">
      <marc:subfield code="a">Karikatur</marc:subfield>
   </marc:datafield>
   <marc:datafield ind1=" " ind2=" " tag="653">
      <marc:subfield code="a">Karajan, Herbert von</marc:subfield>
   </marc:datafield>
   <marc:datafield ind1="0" ind2="0" tag="245">
      <marc:subfield code="a">Karajan</marc:subfield>
   </marc:datafield>
   <marc:datafield ind1="0" ind2="0" tag="245">
      <marc:subfield code="b">eine Hommage an den großen Dirigenten</marc:subfield>
   </marc:datafield>
   <marc:datafield ind1=" " ind2="1" tag="264">
      <marc:subfield code="b">Scherz</marc:subfield>
      <marc:subfield code="c">2000</marc:subfield>
   </marc:datafield>
   <marc:datafield ind1="1" ind2=" " tag="520">
      <marc:subfield code="a">Es gibt im Buch vier Teile, zwei redaktionelle, einen musikalischen und einen chronologischen. Zunächst macht sich die Autorin Claire Alby, die früher unter Karajan im Orchester spielte, zehn Seiten lang auf die Suche, um den Menschen und Künstler Karajan etwas besser zu verstehen, um sein Image zu durchbrechen. Sie befragte zahlreiche Helfer, Assistenten und andere dienstbare Geister und wurde dabei immer wieder - wen wundert"s? - mit einer Mauer des Schweigens konfrontiert. Sie fragt sich, warum man in den Archiven keinen einzigen Brief mehr finden kann, warum nicht wenigstens ein Dienstvertrag aufgehoben wurde. Seit Klaus Lang ("Herbert von Karajan. Der Philharmonische Alleinherrscher", Zürich 1992) und Franz Endler ("Karajan an der Wiener Oper", Wien 1997) wissen wir, dass der Maestro es durch Allüren geschafft hat, sich auf einen Olymp zu heben, der so schnell nicht von der Nachwelt bezwungen werden kann.</marc:subfield>
   </marc:datafield>
   <marc:datafield ind1="3" ind2=" " tag="024">
      <marc:subfield code="a">3502180059</marc:subfield>
   </marc:datafield>
</marc:record>
